000 00954cam a2200265 i 4500
001 16211525
003 EG-ScBUE
005 20250612133132.0
008 100430s2010 enka f b f001 0 eng d
020 _a9780521145053 (pbk)
040 _aUKM
_beng
_erda
_cUKM
_dBTCTA
_dBWKUK
_dBWK
_dYDXCP
_dBWX
_dDLC
_dEG-ScBUE
082 0 4 _a535.15
_bLEO
_222
100 1 _aLeonhardt, Ulf,
_d1965-
_eauthor.
_937941
245 1 0 _aEssential quantum optics :
_bfrom quantum measurements to black holes /
_cUlf Leonhardt, University of St. Andrews.
264 1 _aCambridge :
_bCambridge University Press,
_c2010.
300 _axii, 277 pages :
_billustrations ;
_c25 cm
336 _2rdacontent
_atext
_btxt
337 _aunmediated
_2rdamedia
_bn
338 _avolume
_bnc
_2rdacarrier
504 _aIncludes bibliographical references and index.
650 7 _aQuantum optics.
_2BUEsh
_911201
653 _bENGGEN
_cMay2015
655 _vReading book
_934232
942 _2ddc
_cBB
999 _c19273
_d19245